| 000 | 00728cam a22002411 4500 | ||
|---|---|---|---|
| 001 | af 47006215 | ||
| 003 | DLC | ||
| 005 | 20260227110836.0 | ||
| 008 | 770628s1944 gw af 000 0 ger c | ||
| 010 | _aaf 47006215 | ||
| 035 | _a(OCoLC)3077761 | ||
| 040 |
_aNew York. Public Library _cMMeT _dDLC |
||
| 042 | _apremarc | ||
| 050 | 0 | 0 |
_aND588.A3 _bS3 |
| 082 | _a759.3 | ||
| 100 | 1 | _aSchmidt, Johann Heinrich. | |
| 245 | 0 | 0 | _aOswald Achenbach. |
| 260 |
_aDüsseldorf, _bL. Schwann, _c1944. |
||
| 300 |
_a152p. incl. front., illus. (incl. facsim.) _bcol. plates, col. port. _c29 x 22cm. |
||
| 500 | _aAt head of title: J. Heinrich Schmidt. | ||
| 504 | _a"Schrifttum": p. 145-147. | ||
| 600 | 1 | 0 |
_aAchenbach, Oswald, _d1827-1905. |
| 999 |
_c3459 _d3459 |
||